| 000 | 00577cam a2200181 a 4500 | ||
|---|---|---|---|
| 020 | _a0827344805 | ||
| 082 | 0 | 0 |
_a686.2252 _bDUF _cL-2, P-166 |
| 100 | 1 |
_aDuff, Jon M., _945129 |
|
| 245 | 1 | 0 |
_aPageMaker, start to finish / _cJon M. Duff. |
| 260 |
_a[Albany, N.Y.] : _bDelmar Publishers, _cc1991. |
||
| 300 |
_axvi, 506 p. : _bill. ; _c23 cm. |
||
| 500 | _a"Macintosh version 3 with an emphasis on graphics"--Cover. | ||
| 500 | _aIncludes index. | ||
| 526 |
_a0 _b0 _c0 _d686_225200000000000_DUF |
||
| 650 | 0 |
_aDesktop publishing. _936543 |
|
| 650 | 0 |
_aMCE _9379 |
|
| 942 |
_2ddc _cBK |
||
| 999 |
_c548719 _d548719 |
||